|
|
|
|
| LEADER |
00000naa2a2200000 4500 |
| 001 |
610833 |
| 005 |
20231102023250.0 |
| 035 |
|
|
|a (RuTPU)RU\TPU\conf\8466
|
| 035 |
|
|
|a RU\TPU\conf\8465
|
| 090 |
|
|
|a 610833
|
| 100 |
|
|
|a 20150205d2014 k y0rusy50 ca
|
| 101 |
0 |
|
|a rus
|
| 102 |
|
|
|a RU
|
| 105 |
|
|
|a y z 101zy
|
| 135 |
|
|
|a drcn ---uucaa
|
| 181 |
|
0 |
|a i
|
| 182 |
|
0 |
|a b
|
| 200 |
1 |
|
|a Подготовка специалистов по направлению машиностроение на основе сетевого взаимодействия
|f В. Н. Куровский, М. А. Лощилова, Л. Ф. Михальцова, А. Д. Кононыхина
|
| 203 |
|
|
|a Текст
|c электронный
|
| 225 |
1 |
|
|a Проблемы экологии и экономики в машиностроении
|
| 230 |
|
|
|a 1 компьютерный файл (pdf; 339 Кb)
|
| 300 |
|
|
|a Заглавие с титульного экрана
|
| 320 |
|
|
|a [Библиогр.: с. 423 (17 назв.)]
|
| 337 |
|
|
|a Adobe Reader
|
| 463 |
|
0 |
|0 (RuTPU)RU\TPU\conf\7793
|t Актуальные проблемы современного машиностроения
|o сборник трудов Международной научно-практической конференции, г. Юрга, 11-12 декабря 2014 г.
|f Национальный исследовательский Томский политехнический университет (ТПУ), Юргинский технологический институт (ЮТИ) ; ред. кол. Д. В. Валуев [и др.]
|v [С. 419-423]
|d 2014
|
| 610 |
1 |
|
|a труды учёных ТПУ
|
| 610 |
1 |
|
|a электронный ресурс
|
| 610 |
1 |
|
|a машиностроение
|
| 610 |
1 |
|
|a сетевое взаимодействие
|
| 610 |
1 |
|
|a профессиональная деятельность
|
| 610 |
1 |
|
|a инженеры
|
| 610 |
1 |
|
|a специалисты
|
| 610 |
1 |
|
|a подготовка
|
| 701 |
|
1 |
|a Куровский
|b В. Н.
|c специалист в области организации высшего профессионального образования
|c профессор Юргинского технологического института Томского политехнического университета, доктор педагогических наук
|f 1941-
|g Василий Николаевич
|2 stltpush
|3 (RuTPU)RU\TPU\pers\33460
|9 17140
|
| 701 |
|
1 |
|a Лощилова
|b М. А.
|c специалист в области права
|c старший преподаватель Юргинского технологического института Томского политехнического университета
|f 1983-
|g Марина Андреевна
|2 stltpush
|3 (RuTPU)RU\TPU\pers\30366
|9 14711
|
| 701 |
|
1 |
|a Михальцова
|b Л. Ф.
|
| 701 |
|
1 |
|a Кононыхина
|b А. Д.
|
| 712 |
0 |
2 |
|a Национальный исследовательский Томский политехнический университет (ТПУ)
|b Юргинский технологический институт (филиал) (ЮТИ)
|b Кафедра экономики и автоматизации систем управления (ЭАСУ)
|h 360
|2 stltpush
|3 (RuTPU)RU\TPU\col\18900
|
| 801 |
|
2 |
|a RU
|b 63413507
|c 20221122
|g RCR
|
| 856 |
4 |
|
|u http://earchive.tpu.ru/handle/11683/19003
|
| 942 |
|
|
|c BK
|